Construction of Optimal Tourist Routes in Cities

Na minha lista:
Detalhes bibliográficos
Autor principal: Leontiev, Oliver (Author)
Outros Autores: Kataieva, Yevheniia (Thesis advisor)
Formato: Manuscrito Livro
Idioma:eslovaco
inglês
Publicado em: 2025
Assuntos:
Acesso em linha:http://is.stuba.sk/zp/portal_zp.pl?podrobnosti=177113
Tags: Adicionar Tag
Sem tags, seja o primeiro a adicionar uma tag!

MARC

LEADER 00000ntm a22000003a 4500
001 stuzp100135
003 SK-STU
005 20250607210326.6
007 ta
008 150427s2015----xo-----f-mn---000-0-slo-d
040 |a STU  |b slo 
041 0 |a eng 
100 1 |a Leontiev, Oliver  |u 070200  |4 aut  |U FIIT Fakulta informatiky a informačných technológií  |T FIIT Ústav informatiky, informačných systémov a softvérového inžinierstva  |X 103027  |U I200  |Y 179  |7 103027 
242 0 1 |a Budovanie optimálnych turistických trás v mestách  |y slo 
245 1 0 |a Construction of Optimal Tourist Routes in Cities 
260 |c 2025 
650 4 |a tourism  |2 eng 
650 4 |a city  |2 eng 
650 4 |a route  |2 eng 
650 4 |a trasa  |2 slo 
650 4 |a turista  |2 slo 
650 4 |a mesto  |2 slo 
700 1 |a Kataieva, Yevheniia  |4 ths  |X 119627  |7 119627 
856 4 |u http://is.stuba.sk/zp/portal_zp.pl?podrobnosti=177113